[Event "AUTO-ADV-2170"]
[Site "http://www.queenalice.com/game.php?id=942418"]
[Date "2011.5.25"]
[Round "1"]
[White "orinto"]
[Black "Diego_Silveira"]
[Result "0-1"]
[WhiteElo "1793"]
[BlackElo "1826"]

1. d4 d5 2. c4 c6 3. Nf3 Nf6 4. Nc3 a6 5. e3 b5 6. cxb5 cxb5 7. a3 e6 8. Bd3 Bb7
9. O-O Bd6 10. h3 O-O 11. Qe2 Ne4 12. Rd1 Nd7 13. Bxe4 dxe4 14. Ng5 Qxg5 15. Qc2
Rac8 16. Bd2 a5 17. Be1 b4 18. axb4 axb4 19. Ra7 Rc7 20. Nxe4 Qg6 21. Qd3 Bxe4
22. Qa6 Qxg2# 0-1

[Event "AUTO-ADV-2170"]
[Site "http://www.queenalice.com/game.php?id=942419"]
[Date "2011.5.25"]
[Round "1"]
[White "Diego_Silveira"]
[Black "orinto"]
[Result "1-0"]
[WhiteElo "1859"]
[BlackElo "1782"]

1. d4 Nf6 2. c4 e6 3. Nf3 b6 4. g3 Ba6 5. b3 d5 6. Nbd2 c5 7. Bb2 Nc6 8. Bg2
cxd4 9. Nxd4 Nxd4 10. Bxd4 Rc8 11. cxd5 exd5 12. O-O Bc5 13. Bb2 O-O 14. Re1 Ng4
15. e3 Nf6 16. Bh3 Rc7 17. Nf3 Ne4 18. Rc1 h6 19. Be5 f6 20. Bxc7 Qxc7 21. Qxd5+
Kh8 22. Qxe4 Bb7 23. Qf5 Bc8 24. Qh5 Bxh3 25. Qxh3 Qf7 26. Red1 Re8 27. Rd7 Qg6
28. Rcd1 Qe4 29. Qg2 a5 30. Nh4 Qc2 31. Qf3 Qxa2 32. Qg4 Rg8 33. Rd8 Bf8 34.
Ng6+ Kh7 35. Nxf8+ Rxf8 36. Rxf8 Qxb3 37. Qf5+ g6 38. Rd7+ 1-0

[Event "AUTO-ADV-2213"]
[Site "http://www.queenalice.com/game.php?id=958203"]
[Date "2011.7.8"]
[Round "1"]
[White "VFA"]
[Black "orinto"]
[Result "1-0"]
[WhiteElo "1826"]
[BlackElo "1772"]

1. e4 e5 2. Nf3 Nc6 3. Nc3 Nf6 4. Bc4 Nxe4 5. Bxf7+ Kxf7 6. Nxe4 h6 7. d4 d6 8.
dxe5 Bg4 9. exd6 cxd6 10. Qd5+ Ke8 11. Bf4 Bxf3 12. gxf3 Qd7 13. O-O-O Be7 14.
Rhe1 Kd8 15. Bxd6 Bxd6 16. Nxd6 Nb4 17. Qa5+ b6 18. Qxb4 a5 19. Qxb6+ Qc7 20.
Ne8+ 1-0

[Event "AUTO-ADV-2213"]
[Site "http://www.queenalice.com/game.php?id=958204"]
[Date "2011.7.8"]
[Round "1"]
[White "orinto"]
[Black "VFA"]
[Result "1-0"]
[WhiteElo "1744"]
[BlackElo "1927"]

1. d4 d5 2. c4 e6 3. Nf3 Nf6 4. Nc3 c5 5. e3 Nc6 6. Bd3 Be7 7. O-O O-O 8. Re1 a6
9. a4 Bd7 10. cxd5 exd5 11. dxc5 Bxc5 12. Bd2 Nb4 13. Bb1 Bg4 14. h3 Bh5 15. g4
Nxg4 16. hxg4 Bxg4 17. Kg2 Bd6 18. Rh1 Nc6 19. Bxh7+ Kh8 20. Bf5+ Bh5 21. Rxh5+
Kg8 22. Bh7+ Kh8 23. Be4+ Kg8 24. Qh1 f5 25. Ng5 g6 26. Rh8+ Kg7 27. Rxf8 Qxf8
28. Ne6+ Kf7 29. Nxf8 Rxf8 30. Bxd5+ Kf6 31. Qh4+ g5 32. Qh6+ Ke7 33. Qe6+ Kd8
34. Qxd6+ Ke8 35. Bxc6+ bxc6 36. Qxc6+ Ke7 37. Nd5+ Kf7 38. Rh1 Rd8 39. Qf6+ 1-0

[Event "AUTO-ADV-2213"]
[Site "http://www.queenalice.com/game.php?id=958215"]
[Date "2011.7.8"]
[Round "1"]
[White "Donyelko"]
[Black "orinto"]
[Result "1-0"]
[WhiteElo "1955"]
[BlackElo "1752"]

1. d4 Nf6 2. c4 e6 3. Nc3 d5 4. cxd5 exd5 5. Nf3 c6 6. e3 Bd6 7. Bd3 O-O 8. Qc2
g6 9. O-O Bg4 10. Ne5 Qc7 11. Nxg4 Nxg4 12. g3 Nd7 13. Qe2 Ngf6 14. e4 dxe4 15.
Nxe4 Nxe4 16. Qxe4 Nf6 17. Qf3 Kg7 18. Bg5 Be7 19. Rac1 Rad8 20. Be3 Qa5 21.
Rfe1 Qxa2 22. Ra1 Qb3 23. Rxa7 Qxb2 24. Rb1 Qc3 25. Rbxb7 Nd5 26. Be4 Nxe3 27.
fxe3 Bf6 28. Bxc6 Qe1+ 29. Kg2 Qd2+ 30. Kh3 h5 31. Bd5 Qd3 32. Rxf7+ Rxf7 33.
Rxf7+ Kh6 34. Rxf6 Re8 35. Qf4+ Kh7 36. Rf7+ Kh8 37. Qf6+ 1-0

[Event "AUTO-ADV-2213"]
[Site "http://www.queenalice.com/game.php?id=958216"]
[Date "2011.7.8"]
[Round "1"]
[White "orinto"]
[Black "Donyelko"]
[Result "0-1"]
[WhiteElo "1769"]
[BlackElo "1953"]

1. d4 e6 2. e4 d5 3. Nc3 c5 4. e5 cxd4 5. Qxd4 Nc6 6. Bb5 a6 7. Bxc6+ bxc6 8.
Be3 c5 9. Qa4+ Bd7 10. Qg4 d4 11. Ne4 dxe3 12. f3 Nh6 13. Qg3 Nf5 14. Qg4 Be7
15. Ne2 O-O 16. h4 Nd4 17. Nd6 Nxc2+ 18. Kf1 Nxa1 19. g3 Bxd6 20. exd6 Nc2 21.
h5 Bb5 22. f4 Qxd6 23. h6 Bxe2+ 24. Kxe2 Qd2+ 25. Kf3 Nd4+ 26. Ke4 f5+ 0-1

[Event "AUTO-ADV-2213"]
[Site "http://www.queenalice.com/game.php?id=958221"]
[Date "2011.7.8"]
[Round "1"]
[White "alexsoncini"]
[Black "orinto"]
[Result "1-0"]
[WhiteElo "1955"]
[BlackElo "1760"]

1. e4 c5 2. f4 e6 3. Nf3 Nc6 4. d3 Nf6 5. c3 Be7 6. Be2 Qb6 7. Qb3 Qc7 8. O-O a6
9. Be3 b5 10. Nbd2 Ng4 11. Bf2 Nxf2 12. Kxf2 O-O 13. d4 Qxf4 14. g3 Qf6 15. e5
Qg6 16. Rac1 cxd4 17. cxd4 Bb7 18. Bd3 Qh6 19. Qd1 Qe3+ 20. Kxe3 d6 21. Be4 1-0

[Event "AUTO-ADV-2213"]
[Site "http://www.queenalice.com/game.php?id=958222"]
[Date "2011.7.8"]
[Round "1"]
[White "orinto"]
[Black "alexsoncini"]
[Result "0-1"]
[WhiteElo "1757"]
[BlackElo "2065"]

1. d4 e5 2. e4 exd4 3. Qxd4 Qf6 4. e5 Qb6 5. Nf3 f6 6. Qd5 fxe5 7. Nxe5 Qe6 8.
Bc4 Nc6 9. Nc3 Qxe5+ 10. Qxe5+ Nxe5 11. Bb3 Bb4 12. Bd2 d6 13. O-O Bd7 14. Rfe1
O-O-O 15. f4 Bc5+ 16. Kh1 Ng4 17. h3 N4f6 18. Rad1 Re8 19. Bf7 Rxe1+ 20. Rxe1
Kd8 21. a3 Nh6 22. Bb3 Re8 23. Rxe8+ Kxe8 24. g4 Bc6+ 25. Kh2 Ne4 26. Nxe4 Bxe4
27. Kg3 Nf7 28. f5 d5 29. Bf4 Bd6 30. Bxd6 Nxd6 31. Kf4 Ke7 32. Ke5 c6 33. c3
Nf7+ 34. Kd4 Kd6 35. c4 Bg2 36. cxd5 cxd5 37. h4 Nh6 38. Bd1 Bh3 39. Bf3 Bxg4
40. Bxd5 Nxf5+ 41. Ke4 Nxh4 42. Kd4 b6 43. b4 h5 44. a4 Nf5+ 45. Ke4 Ne7 46. Bb7
g5 47. Kd4 Nc6+ 48. Ke3 Nxb4 0-1

[Event "AUTO-ADV-1890"]
[Site "http://www.queenalice.com/game.php?id=963701"]
[Date "2011.7.23"]
[Round "2"]
[White "iwanikow"]
[Black "orinto"]
[Result "1-0"]
[WhiteElo "1692"]
[BlackElo "1756"]

1. e4 c5 2. c4 Nc6 3. Nf3 d6 4. Be2 Nf6 5. d3 g6 6. O-O Bg7 7. Nc3 O-O 8. Bg5 a6
9. a3 Qc7 10. Nd5 Nxd5 11. cxd5 Ne5 12. Nxe5 Bxe5 13. Rb1 Bg7 14. b4 h6 15. Be3
b5 16. bxc5 dxc5 17. f4 e6 18. dxe6 Bxe6 19. f5 gxf5 20. exf5 Bd5 21. Bf3 Bxf3
22. Qxf3 Rad8 23. Rbd1 Bd4 24. Bxd4 Rxd4 25. Qg3+ Kh7 26. Qxc7 1-0

[Event "AUTO-ADV-1890"]
[Site "http://www.queenalice.com/game.php?id=963702"]
[Date "2011.7.23"]
[Round "2"]
[White "orinto"]
[Black "iwanikow"]
[Result "0-1"]
[WhiteElo "1776"]
[BlackElo "1680"]

1. c4 c5 2. Nf3 d6 3. d4 cxd4 4. Nxd4 e5 5. Nf3 Be7 6. Nc3 Nf6 7. e4 O-O 8. Be2
Nc6 9. O-O b6 10. Bg5 Bg4 11. Qa4 Rc8 12. Rfe1 Bxf3 13. Bxf3 a5 14. Rad1 Nd4 15.
Bxf6 Nxf3+ 16. gxf3 Bxf6 17. Nd5 Bh4 18. Ne3 Qg5+ 19. Kh1 Bxf2 20. Re2 Bxe3 21.
Rg2 Qf4 22. Qc2 Qxf3 23. Qd3 Rxc4 24. Qd5 Rd4 25. Rxd4 Bxd4 26. h4 Qh3+ 27. Rh2
Qf1# 0-1

[Event "AUTO-ADV-1890"]
[Site "http://www.queenalice.com/game.php?id=963705"]
[Date "2011.7.23"]
[Round "2"]
[White "holandes"]
[Black "orinto"]
[Result "1-0"]
[WhiteElo "1709"]
[BlackElo "1716"]

1. e4 c5 2. Nf3 d6 3. d4 cxd4 4. Nxd4 Nf6 5. Bd3 g6 6. Nc3 Bg7 7. O-O Qb6 8. Nb3
Nc6 9. Na4 Qc7 10. Bf4 O-O 11. Re1 a6 12. Rb1 b5 13. Nc3 Be6 14. a3 Nh5 15. Be3
Ne5 16. Nd5 Bxd5 17. exd5 Rac8 18. c3 Qd7 19. Be4 Ng4 20. Bd4 Bxd4 21. Nxd4 e5
22. Nc6 f5 23. Bf3 e4 24. Bxg4 fxg4 25. Rxe4 Rce8 26. Rxe8 Qxe8 27. Qxg4 Qf7 28.
Qd4 Nf4 29. Kf1 Nxd5 30. Rd1 Nf4 31. Qe4 Re8 32. Qf3 Qc4+ 33. Kg1 d5 34. Nd4
Ne2+ 35. Nxe2 Rxe2 36. h3 Rxb2 37. Rxd5 Rb1+ 38. Kh2 Qc7+ 39. g3 Rb3 40. Qe4 Qf7
41. Rd8+ Kg7 42. Qd4+ Kh6 43. Rd7 Qf8 44. Qh4# 1-0

[Event "AUTO-ADV-1890"]
[Site "http://www.queenalice.com/game.php?id=963706"]
[Date "2011.7.23"]
[Round "2"]
[White "orinto"]
[Black "holandes"]
[Result "0-1"]
[WhiteElo "1687"]
[BlackElo "1711"]

1. d4 Nf6 2. c4 e6 3. Nf3 c6 4. Nc3 b6 5. e4 Bb4 6. Bd3 Bb7 7. Bd2 a5 8. O-O O-O
9. e5 Ng4 10. h3 Bxc3 11. bxc3 Nh6 12. Qc2 g6 13. Bxh6 Re8 14. Ng5 f6 15. exf6
Qxf6 16. f4 d6 17. Rae1 Bc8 18. d5 c5 19. Nxh7 Kxh7 20. Bg5 Qg7 21. dxe6 Bxe6
22. f5 gxf5 23. Rxe6 Nd7 24. Bxf5+ Kg8 0-1

[Event "AUTO-ADV-1890"]
[Site "http://www.queenalice.com/game.php?id=963707"]
[Date "2011.7.23"]
[Round "2"]
[White "ravague"]
[Black "orinto"]
[Result "1-0"]
[WhiteElo "1912"]
[BlackElo "1767"]

1. e4 c5 2. f4 g6 3. Nf3 Nc6 4. Bc4 Bg7 5. O-O Nf6 6. e5 Nh5 7. Bxf7+ Kxf7 8.
Ng5+ Ke8 9. f5 Nxe5 10. fxg6 Nxg6 11. Qxh5 Bf6 12. Nxh7 d5 13. Qxg6+ Kd7 14.
Nxf6+ exf6 15. Qg7+ Kc6 16. Rxf6+ Kb5 17. Nc3+ Kb4 18. a3+ Ka5 19. b4+ cxb4 20.
axb4+ Kxb4 21. Ba3+ Kc4 22. Rf4+ d4 23. Qf7+ 1-0

[Event "AUTO-ADV-1890"]
[Site "http://www.queenalice.com/game.php?id=963708"]
[Date "2011.7.23"]
[Round "2"]
[White "orinto"]
[Black "ravague"]
[Result "1-0"]
[WhiteElo "1753"]
[BlackElo "1927"]

1. d4 d5 2. c4 dxc4 3. Nf3 c5 4. d5 e6 5. e4 exd5 6. exd5 b6 7. Bf4 Bd7 8. Bxc4
Nf6 9. O-O Be7 10. Re1 O-O 11. d6 Re8 12. dxe7 Rxe7 13. Rxe7 Qxe7 14. Ne5 Be6
15. Bxe6 Qxe6 16. Qd8+ Qe8 17. Qc7 Na6 18. Qb7 Nb4 19. Nc3 g5 20. Bg3 Nh5 21.
Rd1 Nxg3 22. hxg3 Rb8 23. Qc7 Na6 24. Qd6 Nb4 25. a3 Nc2 26. Qf6 Nd4 27. Qxg5+
Kh8 28. Qf6+ Kg8 29. Nd5 1-0

[Event "Let's Play Chess!"]
[Site "http://www.queenalice.com/game.php?id=976648"]
[Date "2011.8.25"]
[Round "-"]
[White "gabrielsibo"]
[Black "orinto"]
[Result "0-1"]
[WhiteElo "1233"]
[BlackElo "1714"]

1. g3 d5 2. Bg2 Nf6 3. Nf3 c5 4. d4 Nc6 5. dxc5 e5 6. O-O Bxc5 7. Bg5 O-O 8. Re1
Be6 9. Nc3 Qb6 10. Rf1 Ng4 11. h3 Nxf2 12. Qe1 Nd3+ 13. Kh1 Nxe1 14. Rfxe1 Bf2
0-1

[Event "GamXYZ04"]
[Site "http://www.queenalice.com/game.php?id=976656"]
[Date "2011.8.25"]
[Round "-"]
[White "orinto"]
[Black "pjbrito"]
[Result "0-1"]
[WhiteElo "1737"]
[BlackElo "1664"]

1. d4 d5 2. c4 c6 3. Nf3 Nf6 4. Nc3 dxc4 5. a4 a5 6. e3 e6 7. Bxc4 Bb4 8. O-O
Nbd7 9. e4 c5 10. Qe2 cxd4 11. Nxd4 Nc5 12. Bg5 Qc7 13. Rfd1 Bxc3 14. bxc3 Ncxe4
15. Bb5+ Ke7 16. c4 Bd7 17. Bxd7 Rhd8 18. Nb5 Qe5 19. f4 Qf5 20. g4 Qc5+ 21. Kh1
Rxd7 22. Rxd7+ Kxd7 23. Rd1+ Ke8 24. Bxf6 Nxf6 25. Nd6+ Ke7 26. Nxb7 Qc6+ 27.
Qg2 Qxg2+ 28. Kxg2 Nxg4 29. c5 Ne3+ 0-1

[Event "AUTO-OPEN-2456"]
[Site "http://www.queenalice.com/game.php?id=976867"]
[Date "2011.8.25"]
[Round "1"]
[White "orinto"]
[Black "Steve922477"]
[Result "0-1"]
[WhiteElo "1716"]
[BlackElo "1500"]

1. d4 d5 2. c4 e5 3. dxe5 d4 4. Nf3 Nc6 5. Bg5 f6 6. exf6 gxf6 7. Bh4 Bf5 8.
Nbd2 Nb4 9. Qa4+ c6 10. O-O-O Bc2 11. Re1 Bxa4 0-1

[Event "AUTO-OPEN-2456"]
[Site "http://www.queenalice.com/game.php?id=976868"]
[Date "2011.8.25"]
[Round "1"]
[White "Steve922477"]
[Black "orinto"]
[Result "1-0"]
[WhiteElo "1999"]
[BlackElo "1716"]

1. e4 c5 2. c3 Nc6 3. d4 cxd4 4. cxd4 e6 5. d5 exd5 6. exd5 Ne5 7. Qd4 d6 8. Nc3
Nf6 9. f4 Neg4 10. Nf3 Be7 11. Bd3 O-O 12. h3 Nh6 13. g4 Nd7 14. g5 Bxg5 15.
fxg5 Ng4 16. hxg4 Re8+ 17. Kf2 Nc5 18. Bxh7+ Kf8 19. Bf5 Bxf5 20. gxf5 Qb6 21.
Kg3 Qc7 22. f6 Kg8 23. Qh4 1-0

[Event "AUTO-OPEN-2456"]
[Site "http://www.queenalice.com/game.php?id=976869"]
[Date "2011.8.25"]
[Round "1"]
[White "orinto"]
[Black "nick_sallo"]
[Result "0-1"]
[WhiteElo "1700"]
[BlackElo "1767"]

1. d4 d5 2. c4 Be6 3. cxd5 Bxd5 4. Nc3 Nc6 5. e4 Bxe4 6. Nxe4 Nxd4 7. Bd3 Qd5 8.
Nf3 O-O-O 9. Bf4 Nxf3+ 10. gxf3 Qxd3 11. Qxd3 Rxd3 12. Rc1 Rxf3 13. Rxc7+ Kd8
14. Rxb7 Rxf4 15. Rb8+ Kc7 16. Rxf8 Rxe4+ 17. Kd2 Rd4+ 18. Ke3 Rd8 19. Rxf7 Nh6
20. Rxe7+ Rd7 21. Rc1+ Kd8 22. Re4 Nf5+ 23. Ke2 Re8 24. Rxe8+ Kxe8 25. Rc8+ Kf7
0-1

[Event "AUTO-OPEN-2456"]
[Site "http://www.queenalice.com/game.php?id=976870"]
[Date "2011.8.25"]
[Round "1"]
[White "nick_sallo"]
[Black "orinto"]
[Result "1-0"]
[WhiteElo "1798"]
[BlackElo "1672"]

1. e4 c5 2. Bc4 Nc6 3. Nf3 e6 4. d3 Be7 5. Bd2 Nf6 6. h3 O-O 7. a3 a6 8. Bc3 d5
9. exd5 exd5 10. Ba2 Re8 11. O-O b5 12. d4 Ne4 13. dxc5 Bxc5 14. Bxd5 Bb7 15.
Bxe4 Qb6 16. Ng5 g6 17. Qf3 Qc7 18. Bd5 Rab8 19. Bxf7+ Kf8 20. Bxg6+ Ke7 21.
Re1+ Kd8 22. Bf6+ Be7 23. Ne6+ 1-0

[Event "AUTO-OPEN-2456"]
[Site "http://www.queenalice.com/game.php?id=976871"]
[Date "2011.8.25"]
[Round "1"]
[White "orinto"]
[Black "Xeque"]
[Result "0-1"]
[WhiteElo "1716"]
[BlackElo "2086"]

1. d4 Nf6 2. c4 c5 3. d5 e6 4. Nc3 exd5 5. cxd5 d6 6. Nf3 g6 7. e4 Bg7 8. Be2
O-O 9. O-O Re8 10. Bd3 a6 11. Re1 Nbd7 12. a4 Ng4 13. Bf4 Nge5 14. Bc2 Qf6 15.
Qd2 Nxf3+ 16. gxf3 Ne5 17. Bxe5 Rxe5 18. Qe3 Rh5 19. Ne2 Qh4 20. Qf4 Rg5+ 21.
Kh1 Bg4 22. Ng3 Be5 23. Qe3 Rh5 24. fxg4 Qxh2# 0-1

[Event "AUTO-OPEN-2456"]
[Site "http://www.queenalice.com/game.php?id=976872"]
[Date "2011.8.25"]
[Round "1"]
[White "Xeque"]
[Black "orinto"]
[Result "1-0"]
[WhiteElo "2070"]
[BlackElo "1718"]

1. Nf3 Nf6 2. g3 g6 3. Bg2 Bg7 4. O-O O-O 5. c4 d5 6. cxd5 Nxd5 7. Nc3 c6 8. e4
Nb4 9. d4 Bg4 10. Be3 e5 11. dxe5 Bxe5 12. Qxd8 Rxd8 13. Nxe5 Be6 14. Rad1 Nxa2
15. Rxd8+ Kg7 16. Nxa2 Bxa2 17. Ng4 Be6 18. Bh6# 1-0